00805nam a22002057a 4500003000500000005001700005008004100022020003000063040002800093041001200121082001800133100002700151245008600178260003000264300002400294520020700318650002100525700002700546700002600573322820251128133700.0251128b sa ||||| |||| 00| 0 eng d a9780451418104 (paperback) aMPLbEnglishc3228erda aEnglish 0a791.4375 LEON aMaltin,Leonardeauthor a Leonard Maltin's movie guide : bthe modern era /cLeonard Maltin, Darwyn Carson aNew York:bSignet, c2013 a1644 pages.:c18 cm aOffers readers a comprehensive reference to the world of film, including more than thirteen thousand DVD titles, along with information on performers, ratings, running times, plots, and helpful features 0aFilms Catalogues aMaltin,Leonardeauthor aCarson,Darwyneauthor